| 000 | 01289nmc a2200409 a 4500 | ||
|---|---|---|---|
| 003 | AR-BaBNM | ||
| 005 | 20251128205710.0 | ||
| 008 | 011101s1997 ||||||||||||||000 | spa|| | ||
| 020 | _a84-493-0182-3 | ||
| 040 | _cAR-BaBNM | ||
| 100 | 1 | _aKumin, Libby | |
| 245 | 1 | 0 |
_aCómo favorecer las habilidades comunicativas de los niños con síndrome de Down _buna guía para padres |
| 250 | _a1ª ed. | ||
| 260 |
_aBarcelona _bPaidós _c1997 |
||
| 300 | 0 | _a221 p. | |
| 490 | 0 |
_aGuías para padres _vv. 14 |
|
| 500 | 0 | _aAsociaciones españolas para el Síndrome de Down: p. 209-213 | |
| 500 | 0 | _aIndice analítico y de nombres: p. 215-221 | |
| 504 | _aBibliografía por capítulos | ||
| 504 | _aBibliografía general: p. 207-208 | ||
| 650 | 4 | _aEDUCACION ESPECIAL | |
| 650 | 4 | _aSINDROME DE DOWN | |
| 650 | 4 | _aDESARROLLO DEL LENGUAJE | |
| 650 | 4 | _aHABLA | |
| 650 | 4 | _aDIFICULTADES EN EL APRENDIZAJE | |
| 650 | 4 | _aDESARROLLO COGNOSCITIVO | |
| 650 | 4 | _aDESARROLLO DEL NINO | |
| 650 | 4 | _aPAPEL DEL LENGUAJE | |
| 650 | 4 | _aEDUCACION DEL NINO | |
| 650 | 4 | _aTRASTORNOS DEL HABLA | |
| 650 | 4 | _aDICCION | |
| 650 | 4 | _aRELACION PADRES-HIJOS | |
| 653 | 0 | _aNECESIDADES EDUCATIVAS ESPECIALES | |
| 700 | 1 |
_aReal Gutiérrez, José _etraductor |
|
| 942 | _cBK | ||
| 998 | _carturo | ||
| 999 |
_c12451 _d12451 |
||